Automotive Air Conditioning / (Record no. 33997)

000 -LEADER
fixed length control field 00430nam a22001817a 4500
003 - CONTROL NUMBER IDENTIFIER
control field NUST
020 ## - INTERNATIONAL STANDARD BOOK NUMBER
International Standard Book Number 9780170197748
038 ## - RECORD CONTENT LICENSOR
Staff Name khadija
082 ## - DEWEY DECIMAL CLASSIFICATION NUMBER
Classification number 629.2772
Author Mark GRE
100 ## - MAIN ENTRY--PERSONAL NAME
Personal name Green, Jeff
9 (RLIN) 83882
245 ## - TITLE STATEMENT
Title Automotive Air Conditioning /
Statement of responsibility, etc. Jeff Green
250 ## - EDITION STATEMENT
Edition statement 3rd ed.
260 ## - PUBLICATION, DISTRIBUTION, ETC.
Place of publication, distribution, etc. New York :
Name of publisher, distributor, etc. Cengage Learning,
Date of publication, distribution, etc. 2013.
300 ## - PHYSICAL DESCRIPTION
Extent 252 p. ;
Other physical details 25 cm.
500 ## - GENERAL NOTE
General note Paperback.
563 ## - BINDING INFORMATION
Binding note PB
942 ## - ADDED ENTRY ELEMENTS (KOHA)
Koha item type Book
Source of classification or shelving scheme
Holdings
Withdrawn status Lost status Source of classification or shelving scheme Damaged status Not for loan Permanent Location Current Location Shelving location Date acquired Full call number Barcode Date last seen Price effective from Koha item type
          School of Mechanical & Manufacturing Engineering (SMME) School of Mechanical & Manufacturing Engineering (SMME) General Stacks 05/24/2016 629.2772 GRE SMME-3266 03/30/2018 05/24/2016 Book
© 2023 Central Library, National University of Sciences and Technology. All Rights Reserved.